000 00674nam a2200241Ia 4500
003 OSt
005 20220926030346.0
006 a|||||r|||| 00| 0
007 ta
008 220923b |||||||| |||| 00| 0 eng d
037 _cGeneral Book
040 _aRTL
_cRTL
_beng
041 _2eng
_aeng
082 _az.291.N80t5, M1
110 _aAndaman and Nicobar
_9268710
245 0 _aSixth five year plan, 1980-85
_b Draft annual tribal
260 _aPort
_bBlair Govt Press
_c1981
300 _a67p.
_ccm.
650 _aGeneralia
700 _aAndaman and Nicobar
_9268711
942 _hz.291.N80t5, M1
_cGB
_2CC
999 _c649486
_d649486